Benchmarking v procese environmentálneho marketingu inauguračná prednáška

Saved in:
Bibliographic Details
Main Author: Bednárová, Lucia
Corporate Author: Ekonomická univerzita v Bratislave. Obchodná fakulta
Format: Book
Language:Slovak
Published: Bratislava Vydavateľstvo EKONÓM 2021
Edition:1. vydanie
Series:Habilitačné a inauguračné prednášky
Subjects:
Tags: Add Tag
No Tags, Be the first to tag this record!

MARC

LEADER 00000nam a2200000 4500
001 0280115
005 20240416114144.5
020 |a 978-80-225-4876-2 
041 0 |a slo 
044 |a SK 
245 1 0 |a Benchmarking v procese environmentálneho marketingu  |b inauguračná prednáška  |c Lucia Bednárová 
250 |a 1. vydanie 
264 1 |a Bratislava  |b Vydavateľstvo EKONÓM  |c 2021 
300 |a 81 s. 
490 1 |a Habilitačné a inauguračné prednášky 
830 0 |a Habilitačné a inauguračné prednášky 
610 2 0 |a benchmarking 
610 2 0 |a marketing environmentálny 
610 2 0 |a zodpovednosť spoločenská 
610 2 0 |a analýza swot 
610 2 0 |a nástroje marketingové 
100 1 |a Bednárová, Lucia 
710 2 |a Ekonomická univerzita v Bratislave. Obchodná fakulta